Т. 47 : Таджикская ССР. Период 1951-1955. Вып. 2: Рукописные работы; Геологическая изученность СССР

Detalles Bibliográficos
Parent link:Геологическая изученность СССР: [обзорные главы, рефераты, аннотации и библиографические справки]/ Академия Наук СССР, Комиссия по геологической изученности СССР ; гл. ред. Д. В. Наливкин. Т. 47 : Таджикская ССР. Период 1951-1955. Вып. 2: Рукописные работы.— , 1961-1988
Autor Corporativo: Академия наук Таджикской ССР (АН ТадССР)
Idioma:ruso
Publicado: Сталинабад, Гос. научно-техн. изд-во Тадж. ССР, 1961
Subjects:
Formato: MixedMaterials Libro
KOHA link:https://koha.lib.tpu.ru/cgi-bin/koha/opac-detail.pl?biblionumber=272677

MARC

LEADER 00000nam2a2200000 4500
001 272677
005 20231031225810.0
020 |a RU  |b 82-20671 
035 |a (RuTPU)RU\TPU\book\295885 
035 |a RU\TPU\book\176375 
090 |a 272677 
100 |a 20141021g1961 k y0rusy5003 ca 
101 0 |a rus 
102 |a RU  |a TJ 
105 |a y z 001zy 
200 0 |a Т. 47 : Таджикская ССР. Период 1951-1955. Вып. 2: Рукописные работы  |f Академия наук Таджикской ССР (АН ТадССР)  
210 |a Сталинабад  |c Гос. научно-техн. изд-во Тадж. ССР  |d 1961 
215 |d 26 см.  |a 163 с. 
320 |a Авторский указатель: с. 150-152. 
320 |a Предметно-систематический указатель: с. 152-154. 
320 |a Географический указатель: с. 154-162. 
461 1 |0 (RuTPU)RU\TPU\book\58444  |t Геологическая изученность СССР  |o [обзорные главы, рефераты, аннотации и библиографические справки]  |f Академия Наук СССР, Комиссия по геологической изученности СССР ; гл. ред. Д. В. Наливкин  |v Т. 47 : Таджикская ССР. Период 1951-1955. Вып. 2: Рукописные работы  |d 1961-1988 
610 1 |a геологическая изученность 
610 1 |a СССР 
610 1 |a Таджикистан 
610 1 |a стратиграфия 
610 1 |a палеонтология 
610 1 |a тектоника 
610 1 |a региональная геофизика 
610 1 |a неотектоника 
610 1 |a горючие ископаемые 
610 1 |a строительные материалы 
610 1 |a гидрогеология 
610 1 |a инженерная геология 
610 1 |a обзоры 
610 1 |a рефераты 
610 1 |a аннотации 
610 1 |a рукописные работы 
675 |a 55(575.3)  |z rus  |v 3 
712 0 2 |a Академия наук Таджикской ССР (АН ТадССР)  |2 stltpush  |3 (RuTPU)RU\TPU\col\7603 
801 0 |a RU  |b RuMRKP  |c 19950704  |g psbo 
801 1 |a RU  |b 63413507  |c 20090624  |g PSBO 
801 2 |a RU  |b 63413507  |c 20221129  |g PSBO 
942 |c BK